Thi cử nho giáo = Royal exams

Tìm hiểu vấn đề thi cử đặc biệt là thi cử nho giáo của người Việt xưa, từ khi đi thi đến khi vinh qui bái tổ. Nghiên cứu về Văn Miếu và vấn đề học hành, thi cử của các nho gia, nữ sĩ. Giới thiệu một số nhà thơ, văn, học giả nổi tiê...

Popoln opis

Shranjeno v:
Bibliografske podrobnosti
Glavni avtor: Hữu Ngọc (Chủ biên)
Drugi avtorji: Borton, Lady (Chủ biên)
Format: Knjiga
Jezik:Vietnamese
Izdano: H. Thế giới 2004
Serija:Tham khảo biên dịch văn hoá Việt Nam
Teme:
Oznake: Označite
Brez oznak, prvi označite!
Thư viện lưu trữ: Thư viện Trường Đại học Nam Cần Thơ
LEADER 01366nam a22002297a 4500
001 NCT_4_022497
008 250603b xxu||||| |||| 00| 0 vie d
999 |c 9099  |d 9099 
020 |c 9500 
082 0 4 |2 23rd ed.  |a 398  |b Ng419 
100 0 |a Hữu Ngọc  |e Chủ biên 
245 1 0 |a Thi cử nho giáo   |b = Royal exams  |c Hữu Ngọc, Lady Borton (Chủ biên) 
260 |a H.  |b Thế giới  |c 2004 
300 |a 93 tr.  |b Minh họa  |c 18cm 
490 0 |a Tham khảo biên dịch văn hoá Việt Nam 
500 |a Chính văn bằng 2 thứ tiếng: Việt - Anh 
520 3 |a Tìm hiểu vấn đề thi cử đặc biệt là thi cử nho giáo của người Việt xưa, từ khi đi thi đến khi vinh qui bái tổ. Nghiên cứu về Văn Miếu và vấn đề học hành, thi cử của các nho gia, nữ sĩ. Giới thiệu một số nhà thơ, văn, học giả nổi tiếng tượng trưng cho truyền thống học tập của người Việt Nam. 
653 |a Tham khảo 
700 1 |a Borton, Lady  |e Chủ biên 
942 |2 ddc  |c BK 
952 |0 0  |1 0  |2 ddc  |4 0  |6 398_000000000000000_NG419  |7 0  |9 30933  |a 000001  |b 000001  |d 2025-06-24  |o 398 Ng419  |p TK.01013  |r 2025-06-24  |v 9500.00  |w 2025-06-24  |y BK 
980 |a Thư viện Trường Đại học Nam Cần Thơ